Russian National Anthems Facts - Statistics

General Stats
  • This quiz has been taken 12 times
  • The average score is 5 of 10
Answer Stats
Hint Answer % Correct
Year Readopted 2000
91%
Language Used Russian
91%
Which country use the melody of it but not the same lyrics? Soviet Union
82%
Usually Played as _ Major C
64%
Year first Adopted 1944
55%
How many verses are there? 3
55%
Composer Alexander Vasilyevich Alexandrov
45%
Lyrics: Rossiya-______________ _____ ________ svyashchennaya nasha derzhava
27%
Meaning of above Russia is our sacred state
9%
Lyricist Sergey Mikhalkov
9%
No matching quizzes found
Score Distribution
Percent of People with Each Score
Percentile by Number Answered
Your Score History
You have not taken this quiz